000 00430nam a2200157Ia 4500
008 210210b1994 xxu||||| |||| 00| 0 eng d
020 _a81 230 0200 9
082 _a050.954 INDI
100 _aINDIA, Government of
245 _aIndia 1994 a reference annual.
260 _aNew Delhi.
_bMinistry of Information & Broadcasting Govt Of India.,
_c1994
300 _a998
650 _aIndia
690 _aSerials
906 _a050140
999 _c98839
_d98839